[Event "Campeonato de España Femenino 2017"]
[Site "Linares"]
[Date "2017.08.21"]
[Round "1"]
[White "Gavira Valencia, Gizela"]
[Black "Redondo Benavente, Ana"]
[Result "0-1"]
[Board "10"]
[WhiteElo "1476"]
[WhiteCountry "ESP"]
[WhiteFideId "24519600"]
[WhiteEloChange "-2"]
[BlackTitle "WFM"]
[BlackElo "2022"]
[BlackCountry "ESP"]
[BlackFideId "32021674"]
[BlackEloChange "2"]

1. d4 {[%clk 1:30:57]} d5 {[%clk 1:30:36]} 2. e3 {[%clk 1:31:07]} e6 {[%clk
1:30:07]} 3. c4 {[%clk 1:26:42]} c6 {[%clk 1:29:36]} 4. Nf3 {[%clk 1:25:11]} f5
{[%clk 1:27:33]} 5. b3 {[%clk 1:19:23]} Nh6 {[%clk 1:25:11]} 6. Be2 {[%clk
1:18:34]} Nf7 {[%clk 1:24:41]} 7. Nc3 {[%clk 1:12:19]} Nd7 {[%clk 1:19:59]} 8.
Bb2 {[%clk 1:10:32]} Bd6 {[%clk 1:14:55]} 9. Qc2 {[%clk 1:04:33]} Nf6 {[%clk
1:13:46]} 10. cxd5 {[%clk 1:03:00]} exd5 {[%clk 1:12:02]} 11. Bd3 {[%clk
0:58:05]} Ne4 {[%clk 1:10:30]} 12. O-O-O {[%clk 0:55:15]} O-O {[%clk 1:06:04]}
13. h4 {[%clk 0:54:42]} Qa5 {[%clk 1:01:02]} 14. Kb1 {[%clk 0:47:47]} Bb4 {[%clk
0:57:19]} 15. Bxe4 {[%clk 0:40:10]} fxe4 {[%clk 0:56:40]} 16. Ng5 {[%clk
0:40:14]} Bf5 {[%clk 0:52:41]} 17. Na4 {[%clk 0:22:52]} Rac8 {[%clk 0:47:31]} 18.
Bc3 {[%clk 0:20:44]} b6 {[%clk 0:32:53]} 19. Bxb4 {[%clk 0:20:25]} Qxb4 {[%clk
0:33:16]} 20. Rc1 {[%clk 0:15:12]} Nxg5 {[%clk 0:31:31]} 21. hxg5 {[%clk
0:15:36]} Qe7 {[%clk 0:31:51]} 22. g4 {[%clk 0:12:07]} Bg6 {[%clk 0:30:04]} 23.
Rcg1 {[%clk 0:07:15]} Qxg5 {[%clk 0:30:03]} 24. Qe2 {[%clk 0:06:28]} c5 {[%clk
0:26:27]} 25. dxc5 {[%clk 0:04:54]} bxc5 {[%clk 0:26:50]} 26. Qa6 {[%clk
0:03:30]} d4 {[%clk 0:25:54]} 27. Qe6+ {[%clk 0:01:35]} Bf7 {[%clk 0:21:45]} 28.
Qd6 {[%clk 0:00:44]} dxe3 {[%clk 0:21:16]} 29. Rxh7 {[%clk 0:00:47]} Kxh7 {[%clk
0:20:30]} 30. Rh1+ {[%clk 0:00:33]} Kg8 {[%clk 0:19:00]} 31. Qh2 {[%clk 0:00:41]}
Bh5 {[%clk 0:16:54]} 32. gxh5 {[%clk 0:00:34]} exf2 {[%clk 0:17:16]} 33. h6
{[%clk 0:00:32]} f1Q+ {[%clk 0:17:05]} 34. Rxf1 {[%clk 0:00:46]} Rxf1+ {[%clk
0:17:30]} 35. Kc2 {[%clk 0:00:35]} Qc1# {[%clk 0:17:47]} 0-1

[Event "Campeonato de España Femenino 2017"]
[Site "Linares"]
[Date "2017.08.21"]
[Round "1"]
[White "Ortin Blanco, Ainhoa"]
[Black "Rodriguez Perez, Marta"]
[Result "1-0"]
[Board "13"]
[WhiteElo "1961"]
[WhiteCountry "ESP"]
[WhiteFideId "32010117"]
[WhiteEloChange "2"]
[BlackElo "1277"]
[BlackCountry "ESP"]
[BlackFideId "24541656"]
[BlackEloChange "-2"]

1. d4 {[%clk 1:30:54]} Nf6 {[%clk 1:30:51]} 2. c4 {[%clk 1:31:09]} e5 {[%clk
1:31:16]} 3. dxe5 {[%clk 1:31:23]} Ng4 {[%clk 1:31:34]} 4. Nf3 {[%clk 1:31:04]}
Bc5 {[%clk 1:30:18]} 5. e3 {[%clk 1:31:20]} Nc6 {[%clk 1:30:40]} 6. Nd4 {[%clk
1:30:47]} Ngxe5 {[%clk 1:28:56]} 7. Nc3 {[%clk 1:30:13]} O-O {[%clk 1:23:31]} 8.
Be2 {[%clk 1:28:57]} Be7 {[%clk 1:23:31]} 9. O-O {[%clk 1:27:43]} d6 {[%clk
1:12:15]} 10. f4 {[%clk 1:25:51]} Nd7 {[%clk 1:08:20]} 11. Bf3 {[%clk 1:25:26]}
Nxd4 {[%clk 1:07:11]} 12. exd4 {[%clk 1:25:36]} Nb6 {[%clk 1:05:43]} 13. b3
{[%clk 1:24:59]} Bf6 {[%clk 1:05:10]} 14. Bb2 {[%clk 1:23:23]} c6 {[%clk
1:05:33]} 15. Qd2 {[%clk 1:15:45]} d5 {[%clk 1:01:04]} 16. c5 {[%clk 1:15:12]}
Nd7 {[%clk 1:01:26]} 17. b4 {[%clk 1:15:06]} b6 {[%clk 0:55:36]} 18. Ne2 {[%clk
1:00:09]} Ba6 {[%clk 0:51:00]} 19. Rfc1 {[%clk 0:57:55]} Bc4 {[%clk 0:50:50]} 20.
Ng3 {[%clk 0:41:01]} g6 {[%clk 0:51:07]} 21. Nf1 {[%clk 0:38:44]} b5 {[%clk
0:47:24]} 22. a4 {[%clk 0:38:30]} a6 {[%clk 0:44:42]} 23. Ne3 {[%clk 0:38:40]}
Bb3 {[%clk 0:41:12]} 24. Bd1 {[%clk 0:37:23]} Bxd1 {[%clk 0:40:07]} 25. Rxd1
{[%clk 0:37:38]} Bg7 {[%clk 0:38:40]} 26. axb5 {[%clk 0:35:53]} axb5 {[%clk
0:38:43]} 27. Rxa8 {[%clk 0:35:40]} Qxa8 {[%clk 0:39:07]} 28. Ra1 {[%clk
0:36:03]} Qb7 {[%clk 0:39:30]} 29. Ra5 {[%clk 0:34:40]} Ra8 {[%clk 0:39:16]} 30.
Qd3 {[%clk 0:27:35]} Rxa5 {[%clk 0:34:07]} 31. bxa5 {[%clk 0:27:52]} Nb8 {[%clk
0:34:30]} 32. f5 {[%clk 0:25:21]} Na6 {[%clk 0:32:33]} 33. Qf1 {[%clk 0:14:37]}
Nxc5 {[%clk 0:31:28]} 34. f6 {[%clk 0:14:28]} Na4 {[%clk 0:30:39]} 35. fxg7
{[%clk 0:13:57]} Nxb2 {[%clk 0:30:30]} 36. Qf6 {[%clk 0:13:35]} b4 {[%clk
0:29:15]} 37. Ng4 {[%clk 0:13:53]} h5 {[%clk 0:28:54]} 38. Nh6+ {[%clk 0:14:17]}
Kh7 {[%clk 0:29:15]} 39. g8Q+ {[%clk 0:14:39]} 1-0

[Event "Campeonato de España Femenino 2017"]
[Site "Linares"]
[Date "2017.08.22"]
[Round "2"]
[White "Vega Gutierrez, Sabrina"]
[Black "Gil Quilez, Sonia"]
[Result "1-0"]
[Board "2"]
[WhiteTitle "IM"]
[WhiteElo "2369"]
[WhiteCountry "ESP"]
[WhiteFideId "2219026"]
[WhiteEloChange "3"]
[BlackTitle "WFM"]
[BlackElo "2057"]
[BlackCountry "ESP"]
[BlackFideId "2263980"]
[BlackEloChange "-3"]

1. d4 {[%clk 1:30:54]} d5 {[%clk 1:30:44]} 2. c4 {[%clk 1:31:16]} c6 {[%clk
1:30:53]} 3. Nf3 {[%clk 1:31:37]} Nf6 {[%clk 1:30:49]} 4. e3 {[%clk 1:31:54]} e6
{[%clk 1:30:41]} 5. b3 {[%clk 1:31:38]} Nbd7 {[%clk 1:30:38]} 6. Bd3 {[%clk
1:31:50]} Bd6 {[%clk 1:29:52]} 7. Bb2 {[%clk 1:32:03]} Qc7 {[%clk 1:28:49]} 8.
Nc3 {[%clk 1:16:50]} b6 {[%clk 1:23:59]} 9. O-O {[%clk 1:15:08]} O-O {[%clk
1:22:02]} 10. Rc1 {[%clk 1:04:45]} Qb8 {[%clk 1:07:22]} 11. cxd5 {[%clk 1:04:34]}
exd5 {[%clk 1:05:48]} 12. e4 {[%clk 1:04:23]} dxe4 {[%clk 0:53:09]} 13. Nxe4
{[%clk 1:04:29]} Bb7 {[%clk 0:53:31]} 14. Nxd6 {[%clk 1:02:38]} Qxd6 {[%clk
0:53:54]} 15. Ne5 {[%clk 1:02:03]} Rfd8 {[%clk 0:45:44]} 16. Bf5 {[%clk 0:49:21]}
Qd5 {[%clk 0:41:14]} 17. Qc2 {[%clk 0:42:57]} c5 {[%clk 0:36:42]} 18. f3 {[%clk
0:43:07]} Nf8 {[%clk 0:20:39]} 19. dxc5 {[%clk 0:40:20]} Ng6 {[%clk 0:18:07]} 20.
c6 {[%clk 0:36:15]} Ba6 {[%clk 0:16:39]} 21. Rfd1 {[%clk 0:33:57]} Qa5 {[%clk
0:16:38]} 22. Rxd8+ {[%clk 0:13:19]} Rxd8 {[%clk 0:17:03]} 23. Nxg6 {[%clk
0:11:34]} hxg6 {[%clk 0:17:13]} 24. c7 {[%clk 0:12:02]} Re8 {[%clk 0:13:39]} 25.
c8Q {[%clk 0:12:13]} Bxc8 {[%clk 0:13:55]} 26. Bxc8 {[%clk 0:12:33]} Qg5 {[%clk
0:13:45]} 27. Ba6 {[%clk 0:09:36]} Nd5 {[%clk 0:13:37]} 28. Bf1 {[%clk 0:06:47]}
Nf4 {[%clk 0:12:54]} 29. g3 {[%clk 0:06:17]} Nd5 {[%clk 0:12:05]} 30. Rd1 {[%clk
0:04:54]} Qe3+ {[%clk 0:11:20]} 31. Qf2 {[%clk 0:05:18]} Qg5 {[%clk 0:11:08]} 32.
Qd4 {[%clk 0:05:20]} Nf6 {[%clk 0:11:20]} 33. a4 {[%clk 0:05:31]} Qh5 {[%clk
0:09:03]} 34. Kg2 {[%clk 0:05:41]} Rc8 {[%clk 0:08:41]} 35. Bc4 {[%clk 0:06:07]}
g5 {[%clk 0:08:47]} 36. Re1 {[%clk 0:06:08]} g4 {[%clk 0:08:43]} 37. fxg4 {[%clk
0:06:20]} Qg6 {[%clk 0:09:03]} 38. Re7 {[%clk 0:06:32]} Qc2+ {[%clk 0:09:22]} 39.
Qf2 {[%clk 0:06:33]} 1-0

[Event "Campeonato de España Femenino 2017"]
[Site "Linares"]
[Date "2017.08.22"]
[Round "2"]
[White "Rodriguez Redondo, Adhara"]
[Black "Vicens Company, Maria Antonia"]
[Result "1-0"]
[Board "8"]
[WhiteElo "1726"]
[WhiteCountry "ESP"]
[WhiteFideId "32065698"]
[WhiteEloChange "13"]
[BlackElo "1838"]
[BlackCountry "ESP"]
[BlackFideId "2280680"]
[BlackEloChange "-13"]

1. e4 {[%clk 1:30:57]} Nf6 {[%clk 1:30:42]} 2. e5 {[%clk 1:31:04]} Nd5 {[%clk
1:31:07]} 3. d4 {[%clk 1:31:19]} d6 {[%clk 1:30:56]} 4. c4 {[%clk 1:31:00]} Nb6
{[%clk 1:31:18]} 5. exd6 {[%clk 1:31:05]} exd6 {[%clk 1:31:28]} 6. Nc3 {[%clk
1:30:16]} Nc6 {[%clk 1:30:37]} 7. h3 {[%clk 1:28:45]} Be7 {[%clk 1:28:25]} 8. Nf3
{[%clk 1:27:19]} Bf5 {[%clk 1:26:59]} 9. a3 {[%clk 1:22:59]} O-O {[%clk 1:25:35]}
10. Be2 {[%clk 1:16:44]} Bf6 {[%clk 1:23:20]} 11. O-O {[%clk 1:13:55]} Na5 {[%clk
1:10:27]} 12. b3 {[%clk 1:05:00]} c5 {[%clk 1:05:32]} 13. Be3 {[%clk 1:00:57]}
Nc6 {[%clk 1:02:54]} 14. Rc1 {[%clk 0:58:33]} cxd4 {[%clk 1:00:15]} 15. Nxd4
{[%clk 0:57:11]} Nxd4 {[%clk 0:54:50]} 16. Bxd4 {[%clk 0:57:27]} Bg5 {[%clk
0:48:09]} 17. f4 {[%clk 0:52:20]} Bh4 {[%clk 0:42:33]} 18. Kh2 {[%clk 0:47:50]}
Re8 {[%clk 0:37:09]} 19. Bf3 {[%clk 0:45:12]} Bc8 {[%clk 0:21:47]} 20. Qd3 {[%clk
0:34:47]} Nd7 {[%clk 0:19:39]} 21. b4 {[%clk 0:29:47]} a6 {[%clk 0:11:07]} 22.
Ne4 {[%clk 0:22:03]} Nf6 {[%clk 0:07:02]} 23. Bxf6 {[%clk 0:18:33]} Bxf6 {[%clk
0:07:03]} 24. Qxd6 {[%clk 0:15:29]} Bb2 {[%clk 0:01:29]} 25. Qxd8 {[%clk
0:11:50]} Rxd8 {[%clk 0:01:58]} 26. Rb1 {[%clk 0:10:41]} Bd4 {[%clk 0:00:58]} 27.
Rbd1 {[%clk 0:08:06]} Be6 {[%clk 0:00:57]} 28. c5 {[%clk 0:06:28]} Bb2 {[%clk
0:00:40]} 29. Nd6 {[%clk 0:04:57]} Bxa3 {[%clk 0:00:57]} 30. Bxb7 {[%clk
0:04:16]} Rab8 {[%clk 0:00:36]} 31. c6 {[%clk 0:03:00]} Rxb7 {[%clk 0:00:32]} 32.
Nxb7 {[%clk 0:02:36]} Rc8 {[%clk 0:00:33]} 33. Rd8+ {[%clk 0:01:55]} Rxd8 {[%clk
0:00:53]} 34. Nxd8 {[%clk 0:02:21]} Bc8 {[%clk 0:01:12]} 35. Rb1 {[%clk 0:01:47]}
Kf8 {[%clk 0:01:08]} 36. c7 {[%clk 0:01:06]} Ke8 {[%clk 0:01:15]} 37. Rd1 {[%clk
0:01:11]} Bd7 {[%clk 0:00:52]} 38. Nc6 {[%clk 0:01:22]} f6 {[%clk 0:00:32]} 39.
Nb8 {[%clk 0:01:37]} Be6 {[%clk 0:00:34]} 40. Rd8+ {[%clk 0:01:49]} Kf7 {[%clk
0:01:00]} 41. Nxa6 {[%clk 0:01:31]} Ke7 {[%clk 0:00:35]} 42. c8Q {[%clk 0:01:44]}
1-0

[Event "Campeonato de España Femenino 2017"]
[Site "Linares"]
[Date "2017.08.22"]
[Round "3"]
[White "Beltran Ortiz, Edda Georgina"]
[Black "Acebal Muniz, Maria Concepcion"]
[Result "1-0"]
[Board "10"]
[WhiteElo "1906"]
[WhiteCountry "ESP"]
[WhiteFideId "2257807"]
[WhiteEloChange "2"]
[BlackElo "1220"]
[BlackCountry "ESP"]
[BlackFideId "2240491"]
[BlackEloChange "-2"]

1. e4 {[%clk 1:30:56]} e5 {[%clk 1:30:54]} 2. Nc3 {[%clk 1:30:58]} Nf6 {[%clk
1:31:12]} 3. Bc4 {[%clk 1:29:40]} Bc5 {[%clk 1:31:06]} 4. Nf3 {[%clk 1:29:34]}
Nxe4 {[%clk 1:31:05]} 5. Nxe4 {[%clk 1:28:05]} d5 {[%clk 1:31:26]} 6. Nxc5 {[%clk
1:27:28]} dxc4 {[%clk 1:29:04]} 7. O-O {[%clk 1:26:28]} O-O {[%clk 1:26:51]} 8.
Qe2 {[%clk 1:20:25]} b6 {[%clk 1:24:04]} 9. Qe4 {[%clk 1:16:16]} c6 {[%clk
1:22:41]} 10. Na4 {[%clk 1:15:24]} Bb7 {[%clk 1:21:55]} 11. Nxe5 {[%clk 1:08:23]}
b5 {[%clk 1:16:25]} 12. Nc5 {[%clk 1:03:48]} Qc7 {[%clk 1:12:12]} 13. d4 {[%clk
1:00:37]} Re8 {[%clk 1:09:11]} 14. Qf3 {[%clk 0:58:25]} Re7 {[%clk 1:02:18]} 15.
Bf4 {[%clk 0:51:03]} Qd8 {[%clk 0:55:32]} 16. c3 {[%clk 0:50:11]} f6 {[%clk
0:53:39]} 17. Nxb7 {[%clk 0:49:15]} Rxb7 {[%clk 0:52:42]} 18. Nxc6 {[%clk
0:48:45]} Nxc6 {[%clk 0:52:11]} 19. Qxc6 {[%clk 0:49:03]} Re7 {[%clk 0:51:09]}
20. Rfe1 {[%clk 0:46:11]} Rf7 {[%clk 0:46:43]} 21. Re2 {[%clk 0:45:46]} a6 {[%clk
0:43:07]} 22. Rae1 {[%clk 0:45:42]} Rf8 {[%clk 0:42:45]} 23. Re7 {[%clk 0:43:14]}
Qc8 {[%clk 0:39:14]} 24. Rc7 {[%clk 0:39:35]} Qg4 {[%clk 0:37:38]} 25. Qe6+
{[%clk 0:36:54]} Qxe6 {[%clk 0:36:33]} 26. Rxe6 {[%clk 0:37:17]} Rfe8 {[%clk
0:34:42]} 27. Ree7 {[%clk 0:35:37]} Rxe7 {[%clk 0:34:45]} 28. Rxe7 {[%clk
0:36:03]} a5 {[%clk 0:34:09]} 29. Rb7 {[%clk 0:35:08]} b4 {[%clk 0:33:49]} 30.
Kf1 {[%clk 0:34:58]} bxc3 {[%clk 0:33:20]} 31. bxc3 {[%clk 0:35:12]} a4 {[%clk
0:33:19]} 32. Rb8+ {[%clk 0:34:44]} Rxb8 {[%clk 0:33:32]} 33. Bxb8 {[%clk
0:35:06]} Kf7 {[%clk 0:33:42]} 34. Bd6 {[%clk 0:35:13]} Ke6 {[%clk 0:33:45]} 35.
Bf8 {[%clk 0:35:16]} g6 {[%clk 0:34:02]} 36. Ke2 {[%clk 0:35:23]} Kd5 {[%clk
0:34:03]} 37. Ke3 {[%clk 0:35:15]} f5 {[%clk 0:34:01]} 38. Kf4 {[%clk 0:34:45]}
Ke6 {[%clk 0:34:05]} 39. h4 {[%clk 0:34:12]} Kd5 {[%clk 0:34:12]} 40. h5 {[%clk
0:32:27]} g5+ {[%clk 0:34:26]} 41. Kxf5 {[%clk 0:32:42]} g4 {[%clk 0:34:38]} 42.
Kxg4 {[%clk 0:31:47]} Ke4 {[%clk 0:34:53]} 43. a3 {[%clk 0:31:41]} Kd3 {[%clk
0:34:54]} 44. Bb4 {[%clk 0:31:57]} Ke4 {[%clk 0:35:07]} 45. f4 {[%clk 0:31:46]}
Kd5 {[%clk 0:35:29]} 46. Kf5 {[%clk 0:31:41]} Kc6 {[%clk 0:35:47]} 47. Ke6 {[%clk
0:31:50]} Kc7 {[%clk 0:35:47]} 48. Ke7 {[%clk 0:32:09]} Kc6 {[%clk 0:36:06]} 49.
f5 {[%clk 0:32:30]} Kd5 {[%clk 0:36:29]} 50. f6 {[%clk 0:32:45]} h6 {[%clk
0:36:44]} 51. f7 {[%clk 0:33:05]} Kc6 {[%clk 0:37:00]} 52. f8Q {[%clk 0:33:20]}
Kd5 {[%clk 0:37:11]} 53. Qf3# {[%clk 0:33:16]} 1-0

[Event "Campeonato de España Femenino 2017"]
[Site "Linares"]
[Date "2017.08.23"]
[Round "4"]
[White "Prado Acebo, Ines"]
[Black "Beltran Ortiz, Edda Georgina"]
[Result "0-1"]
[Board "4"]
[WhiteTitle "WFM"]
[WhiteElo "2107"]
[WhiteCountry "ESP"]
[WhiteFideId "22251235"]
[WhiteEloChange "-15"]
[BlackElo "1906"]
[BlackCountry "ESP"]
[BlackFideId "2257807"]
[BlackEloChange "15"]

1. d4 {[%clk 1:30:56]} c5 {[%clk 1:30:24]} 2. d5 {[%clk 1:31:19]} Nf6 {[%clk
1:30:42]} 3. c4 {[%clk 1:31:42]} b5 {[%clk 1:31:04]} 4. cxb5 {[%clk 1:32:05]} a6
{[%clk 1:31:15]} 5. bxa6 {[%clk 1:32:28]} g6 {[%clk 1:31:30]} 6. Nc3 {[%clk
1:32:50]} Bxa6 {[%clk 1:31:43]} 7. e4 {[%clk 1:33:12]} Bxf1 {[%clk 1:31:45]} 8.
Kxf1 {[%clk 1:33:37]} d6 {[%clk 1:31:50]} 9. Nf3 {[%clk 1:33:52]} Bg7 {[%clk
1:28:06]} 10. g3 {[%clk 1:34:12]} O-O {[%clk 1:27:45]} 11. Kg2 {[%clk 1:34:35]}
Nbd7 {[%clk 1:25:29]} 12. a4 {[%clk 1:33:51]} Ng4 {[%clk 1:18:19]} 13. Qe2 {[%clk
1:18:05]} Nge5 {[%clk 1:10:44]} 14. Nd2 {[%clk 1:07:02]} Nb6 {[%clk 1:09:44]} 15.
Ra3 {[%clk 1:03:32]} Qb8 {[%clk 1:01:21]} 16. a5 {[%clk 0:53:49]} Nc8 {[%clk
0:58:28]} 17. f4 {[%clk 0:44:30]} Nd7 {[%clk 0:58:24]} 18. Rb3 {[%clk 0:43:13]}
Qc7 {[%clk 0:55:29]} 19. Nc4 {[%clk 0:42:18]} Rb8 {[%clk 0:45:31]} 20. Rxb8
{[%clk 0:35:49]} Qxb8 {[%clk 0:41:27]} 21. Bd2 {[%clk 0:36:06]} Na7 {[%clk
0:40:01]} 22. Ra1 {[%clk 0:35:10]} Nb5 {[%clk 0:35:04]} 23. Nxb5 {[%clk 0:32:34]}
Qxb5 {[%clk 0:34:52]} 24. Bc3 {[%clk 0:29:36]} Bxc3 {[%clk 0:31:32]} 25. bxc3
{[%clk 0:29:59]} Ra8 {[%clk 0:27:45]} 26. Ra2 {[%clk 0:27:51]} Qb3 {[%clk
0:18:21]} 27. Ra3 {[%clk 0:24:13]} Qb1 {[%clk 0:17:26]} 28. Ra2 {[%clk 0:21:29]}
Qb3 {[%clk 0:17:05]} 29. Rc2 {[%clk 0:21:34]} Nf6 {[%clk 0:13:05]} 30. Qd3 {[%clk
0:20:00]} Qb1 {[%clk 0:12:47]} 31. Qe2 {[%clk 0:16:43]} h5 {[%clk 0:12:32]} 32.
h3 {[%clk 0:15:29]} Kg7 {[%clk 0:12:17]} 33. Qd3 {[%clk 0:10:43]} Ra7 {[%clk
0:09:29]} 34. Qe2 {[%clk 0:08:00]} Ra8 {[%clk 0:09:57]} 35. Kf3 {[%clk 0:05:56]}
Qh1+ {[%clk 0:09:17]} 36. Qg2 {[%clk 0:06:24]} Qd1+ {[%clk 0:07:26]} 37. Ke3
{[%clk 0:06:11]} Qe1+ {[%clk 0:07:35]} 38. Kd3 {[%clk 0:05:58]} Qd1+ {[%clk
0:06:43]} 39. Qd2 {[%clk 0:03:55]} Qf1+ {[%clk 0:06:24]} 40. Qe2 {[%clk 0:04:23]}
Qxh3 {[%clk 0:06:00]} 41. Qg2 {[%clk 0:04:50]} Qg4 {[%clk 0:04:31]} 42. Ne3
{[%clk 0:05:15]} Qd7 {[%clk 0:04:25]} 43. Nc4 {[%clk 0:04:22]} Qg4 {[%clk
0:04:36]} 44. Ke3 {[%clk 0:02:44]} Qd1 {[%clk 0:04:41]} 45. Qd2 {[%clk 0:01:34]}
Ng4+ {[%clk 0:02:45]} 46. Kd3 {[%clk 0:01:58]} Qf3+ {[%clk 0:02:44]} 47. Ne3
{[%clk 0:02:18]} Qxg3 {[%clk 0:02:29]} 48. Qe2 {[%clk 0:02:38]} Rxa5 {[%clk
0:02:27]} 49. Kd2 {[%clk 0:02:50]} Qxf4 {[%clk 0:02:24]} 50. Kd3 {[%clk 0:03:11]}
Qxe3+ {[%clk 0:02:22]} 51. Qxe3 {[%clk 0:03:38]} Nxe3 {[%clk 0:02:46]} 52. Kxe3
{[%clk 0:04:05]} Ra3 {[%clk 0:02:30]} 53. Kd3 {[%clk 0:04:21]} f6 {[%clk
0:02:24]} 54. Rb2 {[%clk 0:04:30]} Ra7 {[%clk 0:02:29]} 55. Rg2 {[%clk 0:04:38]}
g5 {[%clk 0:02:48]} 56. e5 {[%clk 0:04:53]} dxe5 {[%clk 0:02:32]} 57. Rb2 {[%clk
0:05:02]} Kg6 {[%clk 0:01:05]} 58. Kc4 {[%clk 0:05:24]} Rc7 {[%clk 0:01:12]} 59.
Rb6 {[%clk 0:05:24]} h4 {[%clk 0:01:25]} 60. Rc6 {[%clk 0:05:32]} h3 {[%clk
0:01:10]} 61. Rxc7 {[%clk 0:05:46]} h2 {[%clk 0:01:13]} 62. Rxe7 {[%clk 0:06:11]}
h1Q {[%clk 0:01:28]} 63. d6 {[%clk 0:06:27]} Qc6 {[%clk 0:01:33]} 64. d7 {[%clk
0:06:35]} Qd6 {[%clk 0:01:56]} 0-1

[Event "Campeonato de España Femenino 2017"]
[Site "Linares"]
[Date "2017.08.23"]
[Round "4"]
[White "Redondo Benavente, Ana"]
[Black "Rodriguez Redondo, Adhara"]
[Result "1/2-1/2"]
[Board "8"]
[WhiteTitle "WFM"]
[WhiteElo "2022"]
[WhiteCountry "ESP"]
[WhiteFideId "32021674"]
[WhiteEloChange "-7"]
[BlackElo "1726"]
[BlackCountry "ESP"]
[BlackFideId "32065698"]
[BlackEloChange "7"]

1. e4 {[%clk 1:30:59]} e5 {[%clk 1:30:57]} 2. Nf3 {[%clk 1:31:10]} Nc6 {[%clk
1:31:20]} 3. Nc3 {[%clk 1:31:33]} Nf6 {[%clk 1:31:42]} 4. g3 {[%clk 1:31:54]} Bb4
{[%clk 1:30:12]} 5. Bg2 {[%clk 1:32:14]} O-O {[%clk 1:30:03]} 6. O-O {[%clk
1:32:26]} d6 {[%clk 1:29:02]} 7. d3 {[%clk 1:32:41]} Re8 {[%clk 1:27:57]} 8. h3
{[%clk 1:32:20]} h6 {[%clk 1:27:34]} 9. Be3 {[%clk 1:32:07]} Bxc3 {[%clk
1:25:18]} 10. bxc3 {[%clk 1:31:08]} d5 {[%clk 1:24:51]} 11. exd5 {[%clk 1:26:28]}
Nxd5 {[%clk 1:25:13]} 12. Bd2 {[%clk 1:24:05]} Bf5 {[%clk 1:18:53]} 13. Nh4
{[%clk 1:23:13]} Bh7 {[%clk 1:17:52]} 14. Rb1 {[%clk 1:22:21]} Rb8 {[%clk
1:17:17]} 15. c4 {[%clk 1:20:16]} Nb6 {[%clk 1:14:56]} 16. Qg4 {[%clk 0:54:34]}
Qd4 {[%clk 1:04:48]} 17. a4 {[%clk 0:53:54]} Qxg4 {[%clk 0:58:35]} 18. hxg4
{[%clk 0:54:23]} Nd4 {[%clk 0:52:56]} 19. a5 {[%clk 0:53:29]} Nd7 {[%clk
0:52:23]} 20. Nf5 {[%clk 0:46:30]} Bxf5 {[%clk 0:42:50]} 21. gxf5 {[%clk
0:46:44]} b6 {[%clk 0:41:39]} 22. axb6 {[%clk 0:42:55]} axb6 {[%clk 0:40:49]} 23.
Ra1 {[%clk 0:37:35]} Nxc2 {[%clk 0:35:07]} 24. Ra7 {[%clk 0:37:50]} Nc5 {[%clk
0:33:51]} 25. Rxc7 {[%clk 0:36:01]} Rbc8 {[%clk 0:33:14]} 26. Ra7 {[%clk
0:36:07]} Kf8 {[%clk 0:27:00]} 27. f6 {[%clk 0:32:04]} Nd4 {[%clk 0:25:41]} 28.
Bd5 {[%clk 0:24:58]} Nde6 {[%clk 0:25:04]} 29. Rb1 {[%clk 0:22:33]} Rb8 {[%clk
0:19:44]} 30. Be3 {[%clk 0:19:28]} gxf6 {[%clk 0:19:40]} 31. Bxh6+ {[%clk
0:15:16]} Kg8 {[%clk 0:20:00]} 32. Be3 {[%clk 0:15:14]} Red8 {[%clk 0:18:22]} 33.
f4 {[%clk 0:14:35]} Rd7 {[%clk 0:17:19]} 34. Rxd7 {[%clk 0:14:41]} Nxd7 {[%clk
0:17:41]} 35. f5 {[%clk 0:14:54]} Nd4 {[%clk 0:17:24]} 36. g4 {[%clk 0:13:12]}
Nc5 {[%clk 0:17:28]} 37. Bd2 {[%clk 0:07:53]} Nxd3 {[%clk 0:16:53]} 38. Ba5
{[%clk 0:07:36]} Ne2+ {[%clk 0:13:26]} 39. Kf1 {[%clk 0:07:02]} Ndf4 {[%clk
0:13:22]} 40. Rxb6 {[%clk 0:05:25]} Rxb6 {[%clk 0:13:40]} 41. Bxb6 {[%clk
0:05:55]} Nc3 {[%clk 0:09:17]} 42. Ba8 {[%clk 0:05:39]} Kf8 {[%clk 0:09:09]} 43.
Ba5 {[%clk 0:05:57]} Nd1 {[%clk 0:08:48]} 44. c5 {[%clk 0:05:42]} Ne3+ {[%clk
0:08:50]} 45. Ke1 {[%clk 0:03:56]} Nc4 {[%clk 0:08:13]} 46. c6 {[%clk 0:03:44]}
Ke8 {[%clk 0:06:51]} 47. Bb7 {[%clk 0:03:10]} Nd6 {[%clk 0:05:08]} 48. Bc7 {[%clk
0:03:31]} Nb5 {[%clk 0:05:01]} 49. Bb6 {[%clk 0:03:32]} Nd5 {[%clk 0:04:56]} 50.
Ba5 {[%clk 0:03:09]} Ke7 {[%clk 0:05:01]} 51. Kd2 {[%clk 0:02:38]} Kd6 {[%clk
0:05:00]} 52. Bd8 {[%clk 0:01:38]} Nd4 {[%clk 0:03:53]} 53. c7 {[%clk 0:01:39]}
Nxc7 {[%clk 0:04:16]} 54. Bxf6 {[%clk 0:01:53]} Nd5 {[%clk 0:03:47]} 55. Bd8
{[%clk 0:02:06]} e4 {[%clk 0:03:38]} 56. Bxd5 {[%clk 0:01:11]} Kxd5 {[%clk
0:04:03]} 57. Bf6 {[%clk 0:01:26]} Nf3+ {[%clk 0:03:45]} 58. Ke3 {[%clk 0:01:53]}
Nh2 {[%clk 0:03:39]} 59. Kf4 {[%clk 0:01:33]} e3 {[%clk 0:03:17]} 60. Bh4 {[%clk
0:00:52]} e2 {[%clk 0:02:35]} 61. g5 {[%clk 0:00:57]} Nf1 {[%clk 0:01:55]} 62.
Be1 {[%clk 0:00:55]} Nh2 {[%clk 0:01:30]} 63. Kg3 {[%clk 0:00:47]} Ke5 {[%clk
0:01:17]} 64. f6 {[%clk 0:00:39]} Kf5 {[%clk 0:01:18]} 65. Kxh2 {[%clk 0:00:34]}
Kxg5 {[%clk 0:01:43]} 66. Bc3 {[%clk 0:00:57]} e1Q {[%clk 0:02:06]} 67. Bxe1
{[%clk 0:01:24]} Kxf6 {[%clk 0:02:31]} 68. Kg3 {[%clk 0:01:50]} Kg6 {[%clk
0:02:51]} 69. Bd2 {[%clk 0:02:08]} 1/2-1/2